[Event "SenorDM i hurtigskak"]
[Site "?"]
[Date "2014.08.28"]
[Round "1.1"]
[White "Jakobsen, Niels Nybo"]
[Black "Bauner, Jan"]
[Result "1-0"]
[LiveChessVersion "1.4.2"]
[BlackElo "1926"]
[WhiteElo "2071"]

1. Nf3 {[%clk 0:20:05]} d5 {[%clk 0:20:09]} 2. g3 {[%clk 0:20:09]} c6
{[%clk 0:20:11]} 3. Bg2 {[%clk 0:20:12]} Nf6 {[%clk 0:20:15]} 4. O-O
{[%clk 0:20:15]} g6 {[%clk 0:20:18]} 5. d3 {[%clk 0:20:02]} Bg7 {[%clk 0:20:20]}
6. Nbd2 {[%clk 0:20:04]} O-O {[%clk 0:20:20]} 7. e4 {[%clk 0:19:47]} dxe4
{[%clk 0:20:05]} 8. dxe4 {[%clk 0:19:50]} Qa5 {[%clk 0:16:53]} 9. Re1
{[%clk 0:18:36]} Qh5 {[%clk 0:15:23]} 10. Nf1 {[%clk 0:17:00]} Bh3
{[%clk 0:12:12]} 11. Bh1 {[%clk 0:16:38]} Na6 {[%clk 0:11:06]} 12. Ng5
{[%clk 0:14:11]} Qxd1 {[%clk 0:08:47]} 13. Rxd1 {[%clk 0:14:14]} Bxf1
{[%clk 0:08:40]} 14. Rxf1 {[%clk 0:13:19]} h6 {[%clk 0:08:40]} 15. Nh3
{[%clk 0:13:16]} Ng4 {[%clk 0:08:35]} 16. Bf3 {[%clk 0:11:54]} Ne5
{[%clk 0:08:33]} 17. Be2 {[%clk 0:11:57]} Nb4 {[%clk 0:08:29]} 18. Bd1
{[%clk 0:11:41]} Nc4 {[%clk 0:08:15]} 19. a3 {[%clk 0:10:03]} Na6
{[%clk 0:08:05]} 20. Be2 {[%clk 0:08:38]} Nxb2 {[%clk 0:08:07]} 21. Rb1
{[%clk 0:08:23]} Na4 {[%clk 0:08:02]} 22. Rxb7 {[%clk 0:08:18]} N6c5
{[%clk 0:07:52]} 23. Rxe7 {[%clk 0:08:09]} Nc3 {[%clk 0:07:26]} 24. Bf3
{[%clk 0:07:31]} Rfe8 {[%clk 0:07:11]} 25. Rc7 {[%clk 0:06:47]} N5xe4
{[%clk 0:06:58]} 26. Rxc6 {[%clk 0:06:31]} Rac8 {[%clk 0:06:33]} 27. Ra6
{[%clk 0:05:29]} Rc7 {[%clk 0:05:37]} 28. Bf4 {[%clk 0:05:17]} Rce7
{[%clk 0:05:35]} 29. Kg2 {[%clk 0:04:44]} g5 {[%clk 0:04:59]} 30. Bc1
{[%clk 0:03:52]} f5 {[%clk 0:04:07]} 31. Bh5 {[%clk 0:03:55]} Rc8
{[%clk 0:04:04]} 32. Bg6 {[%clk 0:02:45]} Rc5 {[%clk 0:03:10]} 33. Be3
{[%clk 0:02:39]} Rd5 {[%clk 0:02:58]} 34. f3 {[%clk 0:02:23]} Nc5
{[%clk 0:02:52]} 35. Bxc5 {[%clk 0:02:13]} Rxc5 {[%clk 0:02:56]} 36. Ng1
{[%clk 0:01:34]} Nd5 {[%clk 0:03:00]} 37. Rf2 {[%clk 0:01:12]} Ne3+
{[%clk 0:02:53]} 38. Kh1 {[%clk 0:00:51]} Nxc2 {[%clk 0:02:34]} 39. Bxf5
{[%clk 0:00:50]} Nd4 {[%clk 0:02:25]} 40. Be4 {[%clk 0:00:48]} Rc1
{[%clk 0:02:21]} 41. Kg2 {[%clk 0:00:52]} Ne6 {[%clk 0:01:55]} 42. Ne2
{[%clk 0:00:43]} Rd1 {[%clk 0:01:54]} 43. Bc2 {[%clk 0:00:36]} Rd2
{[%clk 0:01:54]} 44. Bb3 {[%clk 0:00:40]} Kf7 {[%clk 0:01:46]} 45. f4
{[%clk 0:00:44]} g4 {[%clk 0:01:49]} 46. f5 {[%clk 0:00:48]} Ke8 {[%clk 0:01:06]}
47. fxe6 {[%clk 0:00:51]} Be5 {[%clk 0:00:26]} 48. Nf4 {[%clk 0:00:55]} Bxf4
{[%clk 0:00:23]} 49. gxf4 {[%clk 0:00:59]} Rd3 {[%clk 0:00:19]} 50. Ba4+
{[%clk 0:00:58]} Kd8 {[%clk 0:00:23]} 51. Bd7 {[%clk 0:00:57]} h5
{[%clk 0:00:20]} 52. Rc2 {[%clk 0:00:56]} Rexd7 {[%clk 0:00:19]} 53. exd7
{[%clk 0:00:59]} Kxd7 {[%clk 0:00:23]} 54. Rxa7+ {[%clk 0:01:03]} Kd6
{[%clk 0:00:25]} 55. a4 {[%clk 0:01:02]} h4 {[%clk 0:00:29]} 56. a5
{[%clk 0:01:06]} Kd5 {[%clk 0:00:23]} 57. a6 {[%clk 0:01:09]} Ke4
{[%clk 0:00:26]} 1-0

[Event "SenorDM i hurtigskak"]
[Site "?"]
[Date "2014.08.28"]
[Round "1.2"]
[White "Pedersen, Lars Wilton"]
[Black "Bindzus, Ernst"]
[Result "1-0"]
[LiveChessVersion "1.4.2"]
[BlackElo "1861"]
[WhiteElo "2065"]

1. d4 {[%clk 0:20:08]} f5 {[%clk 0:20:00]} 2. Bg5 {[%clk 0:19:39]} h6
{[%clk 0:19:48]} 3. Bh4 {[%clk 0:19:43]} g5 {[%clk 0:19:40]} 4. Bg3
{[%clk 0:19:46]} d6 {[%clk 0:18:52]} 5. e3 {[%clk 0:19:36]} Nf6 {[%clk 0:18:46]}
6. h4 {[%clk 0:19:24]} Rg8 {[%clk 0:18:26]} 7. Bc4 {[%clk 0:18:40]} e6
{[%clk 0:17:11]} 8. Nd2 {[%clk 0:18:29]} Nc6 {[%clk 0:16:04]} 9. Qe2
{[%clk 0:18:13]} Bd7 {[%clk 0:15:52]} 10. O-O-O {[%clk 0:17:59]} Qe7
{[%clk 0:15:43]} 11. hxg5 {[%clk 0:16:34]} hxg5 {[%clk 0:15:36]} 12. f3
{[%clk 0:14:59]} O-O-O {[%clk 0:15:03]} 13. Nb3 {[%clk 0:14:59]} Bg7
{[%clk 0:13:19]} 14. e4 {[%clk 0:14:43]} f4 {[%clk 0:12:12]} 15. Bf2
{[%clk 0:14:25]} d5 {[%clk 0:11:06]} 16. Bb5 {[%clk 0:13:22]} Nb8
{[%clk 0:08:06]} 17. Nc5 {[%clk 0:12:47]} Bxb5 {[%clk 0:06:28]} 18. Qxb5
{[%clk 0:12:49]} c6 {[%clk 0:06:14]} 19. Qa4 {[%clk 0:12:20]} b6 {[%clk 0:05:38]}
20. Na6 {[%clk 0:08:28]} Nxa6 {[%clk 0:05:02]} 21. Qxa6+ {[%clk 0:08:30]} Kb8
{[%clk 0:04:54]} 22. e5 {[%clk 0:07:40]} Ne8 {[%clk 0:04:28]} 23. Ne2
{[%clk 0:07:35]} Nc7 {[%clk 0:03:43]} 24. Qd3 {[%clk 0:06:52]} Rc8
{[%clk 0:02:40]} 25. c3 {[%clk 0:06:33]} c5 {[%clk 0:02:41]} 26. Kb1 c4
{[%clk 0:02:42]} 27. Qc2 {[%clk 0:06:12]} b5 {[%clk 0:02:41]} 28. a3
{[%clk 0:04:53]} a5 {[%clk 0:02:33]} 29. Be1 {[%clk 0:04:37]} Bf8
{[%clk 0:02:22]} 30. Bd2 {[%clk 0:04:13]} Na6 {[%clk 0:02:17]} 31. Rh7
{[%clk 0:03:22]} Rg7 {[%clk 0:02:00]} 32. Rxg7 {[%clk 0:03:25]} Bxg7
{[%clk 0:02:03]} 33. Rh1 {[%clk 0:03:27]} Rh8 {[%clk 0:01:50]} 34. Rxh8+
{[%clk 0:02:49]} Bxh8 {[%clk 0:01:54]} 35. Qg6 {[%clk 0:02:53]} Kb7
{[%clk 0:01:20]} 36. g3 {[%clk 0:02:50]} fxg3 {[%clk 0:00:52]} 37. Nxg3
{[%clk 0:02:27]} b4 {[%clk 0:00:52]} 38. axb4 {[%clk 0:02:27]} axb4
{[%clk 0:00:52]} 39. Bxg5 {[%clk 0:02:31]} Qf8 {[%clk 0:00:39]} 40. Bf6
{[%clk 0:02:30]} bxc3 {[%clk 0:00:36]} 41. bxc3 {[%clk 0:01:48]} Qa3
{[%clk 0:00:28]} 42. Qc2 {[%clk 0:01:48]} Bxf6 {[%clk 0:00:16]} 43. exf6
{[%clk 0:01:51]} Qf8 {[%clk 0:00:20]} 44. Nh5 {[%clk 0:01:40]} Qf7
{[%clk 0:00:15]} 45. Qh2 {[%clk 0:01:26]} Kc6 {[%clk 0:00:13]} 46. Qe5
{[%clk 0:01:05]} Nc7 {[%clk 0:00:17]} 47. Nf4 {[%clk 0:01:00]} Kd7
{[%clk 0:00:00]} 48. Kc2 Qh7+ 49. Kb1 Qf7 50. Kb2 1-0

[Event "SenorDM i hurtigskak"]
[Site "?"]
[Date "2014.08.28"]
[Round "1.3"]
[White "Hansen, Max E."]
[Black "Nielsen, John E."]
[Result "1-0"]
[LiveChessVersion "1.4.2"]
[BlackElo "1765"]
[WhiteElo "1808"]

1. d4 {[%clk 0:20:04]} Nf6 {[%clk 0:20:06]} 2. Nc3 {[%clk 0:20:06]} d5
{[%clk 0:19:41]} 3. Bg5 {[%clk 0:20:07]} e6 {[%clk 0:19:17]} 4. e4
{[%clk 0:20:05]} dxe4 {[%clk 0:19:00]} 5. Nxe4 {[%clk 0:20:05]} Be7
{[%clk 0:19:02]} 6. Bxf6 {[%clk 0:20:03]} Bxf6 {[%clk 0:19:03]} 7. Nf3
{[%clk 0:20:00]} Be7 {[%clk 0:18:32]} 8. c3 {[%clk 0:18:25]} O-O {[%clk 0:17:51]}
9. Bd3 {[%clk 0:18:14]} b6 {[%clk 0:17:48]} 10. Qc2 {[%clk 0:18:01]} h6
{[%clk 0:16:51]} 11. h4 {[%clk 0:17:05]} Ba6 {[%clk 0:15:59]} 12. O-O-O
{[%clk 0:15:43]} Bxd3 {[%clk 0:15:55]} 13. Qxd3 {[%clk 0:15:27]} c5
{[%clk 0:14:55]} 14. d5 {[%clk 0:14:59]} exd5 {[%clk 0:13:37]} 15. Qxd5
{[%clk 0:14:59]} Na6 {[%clk 0:13:08]} 16. Qc4 {[%clk 0:14:29]} Qc8
{[%clk 0:12:48]} 17. Nd6 {[%clk 0:12:42]} Bxd6 {[%clk 0:12:00]} 18. Rxd6
{[%clk 0:12:45]} Nc7 {[%clk 0:11:28]} 19. Rhd1 {[%clk 0:11:54]} Ne6
{[%clk 0:10:42]} 20. Ne5 {[%clk 0:11:27]} b5 {[%clk 0:10:24]} 21. Qg4
{[%clk 0:10:19]} f5 {[%clk 0:06:02]} 22. Qf3 {[%clk 0:07:57]} Rd8
{[%clk 0:02:35]} 23. Qxf5 {[%clk 0:06:50]} Rf8 {[%clk 0:01:34]} 24. Qxe6+
{[%clk 0:06:25]} Qxe6 {[%clk 0:01:36]} 25. Rxe6 {[%clk 0:06:28]} Rxf2
{[%clk 0:01:38]} 26. Rd2 {[%clk 0:05:45]} Rf1+ {[%clk 0:01:12]} 27. Kc2
{[%clk 0:05:38]} b4 {[%clk 0:01:14]} 28. cxb4 {[%clk 0:03:57]} cxb4
{[%clk 0:01:16]} 29. Kb3 {[%clk 0:03:49]} a5 {[%clk 0:01:20]} 30. Nc4
{[%clk 0:03:32]} Rf4 {[%clk 0:01:15]} 31. Rde2 {[%clk 0:02:42]} Rxh4
{[%clk 0:01:05]} 32. Re8+ {[%clk 0:02:40]} Rxe8 {[%clk 0:01:08]} 33. Rxe8+
{[%clk 0:02:43]} Kf7 {[%clk 0:01:10]} 34. Re2 {[%clk 0:02:40]} Rh5
{[%clk 0:01:05]} 35. Ka4 {[%clk 0:02:26]} Rd5 {[%clk 0:00:51]} 36. Nxa5
{[%clk 0:02:24]} g5 {[%clk 0:00:54]} 37. Kxb4 {[%clk 0:02:23]} h5
{[%clk 0:00:55]} 38. Nc4 {[%clk 0:02:24]} g4 {[%clk 0:00:57]} 39. Re5
{[%clk 0:02:14]} Rd2 1-0

[Event "SenorDM i hurtigskak"]
[Site "?"]
[Date "2014.08.28"]
[Round "1.4"]
[White "Pedersen, Hans Dahl"]
[Black "Sørensen, Preben"]
[Result "1-0"]
[LiveChessVersion "1.4.2"]
[BlackElo "2096"]
[WhiteElo "2148"]

1. c4 {[%clk 0:20:06]} c5 {[%clk 0:20:05]} 2. g3 {[%clk 0:20:05]} Nc6
{[%clk 0:20:08]} 3. Bg2 {[%clk 0:20:06]} g6 {[%clk 0:20:09]} 4. Nc3
{[%clk 0:20:04]} Bg7 {[%clk 0:20:12]} 5. a3 {[%clk 0:19:54]} Nf6 {[%clk 0:20:09]}
6. Rb1 {[%clk 0:19:36]} O-O {[%clk 0:19:27]} 7. b4 {[%clk 0:19:30]} cxb4
{[%clk 0:18:31]} 8. axb4 {[%clk 0:19:33]} d6 {[%clk 0:18:34]} 9. Nf3
{[%clk 0:18:45]} Bg4 {[%clk 0:16:38]} 10. d3 {[%clk 0:17:29]} Qd7
{[%clk 0:15:51]} 11. b5 {[%clk 0:16:28]} Na5 {[%clk 0:14:33]} 12. Bd2
{[%clk 0:15:31]} b6 {[%clk 0:13:47]} 13. h3 {[%clk 0:13:06]} Be6 {[%clk 0:13:07]}
14. Nd4 {[%clk 0:11:52]} Rac8 {[%clk 0:13:11]} 15. Nxe6 {[%clk 0:11:50]} fxe6
{[%clk 0:13:15]} 16. O-O {[%clk 0:11:18]} d5 {[%clk 0:12:48]} 17. cxd5
{[%clk 0:10:51]} exd5 {[%clk 0:12:52]} 18. Na2 {[%clk 0:08:47]} Nb7
{[%clk 0:11:28]} 19. Nb4 {[%clk 0:08:22]} Nc5 {[%clk 0:09:28]} 20. Nc6
{[%clk 0:08:18]} a6 {[%clk 0:07:18]} 21. Ne5 {[%clk 0:08:08]} Qe6
{[%clk 0:07:23]} 22. d4 {[%clk 0:07:41]} axb5 {[%clk 0:07:27]} 23. Rxb5
{[%clk 0:07:22]} Nce4 {[%clk 0:06:57]} 24. Be1 {[%clk 0:06:07]} Nc3
{[%clk 0:03:53]} 25. Bxc3 {[%clk 0:06:08]} Rxc3 {[%clk 0:03:58]} 26. Qb1
{[%clk 0:05:59]} Rb8 {[%clk 0:03:35]} 27. Qb2 {[%clk 0:05:33]} Rc7
{[%clk 0:03:25]} 28. Rb1 {[%clk 0:05:31]} Rcb7 {[%clk 0:03:18]} 29. Qb3
{[%clk 0:05:24]} Rd8 {[%clk 0:02:54]} 30. Rxb6 {[%clk 0:05:14]} Rxb6
{[%clk 0:02:58]} 31. Qxb6 {[%clk 0:05:17]} Qxb6 {[%clk 0:02:17]} 32. Rxb6
{[%clk 0:05:20]} Ne4 {[%clk 0:02:13]} 33. Nc6 {[%clk 0:04:43]} Re8
{[%clk 0:01:54]} 34. e3 {[%clk 0:04:21]} Bf6 {[%clk 0:01:52]} 35. Bxe4
{[%clk 0:04:02]} dxe4 {[%clk 0:01:56]} 36. Rb8 {[%clk 0:04:06]} Rxb8
{[%clk 0:01:54]} 37. Nxb8 {[%clk 0:04:10]} Kf7 {[%clk 0:01:58]} 38. Nd7
{[%clk 0:04:09]} Ke6 {[%clk 0:01:51]} 39. Nf8+ {[%clk 0:03:44]} Kf7
{[%clk 0:01:46]} 40. Nxh7 1-0

[Event "SenorDM i hurtigskak"]
[Site "?"]
[Date "2014.08.28"]
[Round "2.1"]
[White "Friis, Carsten Bank"]
[Black "Rix, Søren"]
[Result "1-0"]
[LiveChessVersion "1.4.2"]
[BlackElo "2095"]
[WhiteElo "2224"]

1. d4 {[%clk 0:20:08]} d5 {[%clk 0:20:05]} 2. c4 {[%clk 0:20:10]} e6
{[%clk 0:20:06]} 3. Nc3 {[%clk 0:20:13]} c6 {[%clk 0:20:09]} 4. cxd5
{[%clk 0:20:10]} exd5 {[%clk 0:20:12]} 5. Nf3 {[%clk 0:20:11]} Nf6
{[%clk 0:20:15]} 6. Qc2 {[%clk 0:20:13]} Bd6 {[%clk 0:20:10]} 7. Bg5
{[%clk 0:20:13]} Nbd7 {[%clk 0:20:03]} 8. e3 {[%clk 0:20:11]} O-O
{[%clk 0:20:01]} 9. Bd3 {[%clk 0:20:14]} Qc7 {[%clk 0:19:55]} 10. O-O
{[%clk 0:20:13]} Re8 {[%clk 0:19:45]} 11. Rac1 {[%clk 0:20:15]} a6
{[%clk 0:19:47]} 12. a3 {[%clk 0:20:09]} h6 {[%clk 0:19:41]} 13. Bh4
{[%clk 0:20:12]} Qd8 {[%clk 0:18:46]} 14. Rfe1 {[%clk 0:20:07]} Be7
{[%clk 0:18:43]} 15. Bg3 {[%clk 0:19:28]} Nh5 {[%clk 0:18:40]} 16. Nxd5
{[%clk 0:18:51]} Nxg3 {[%clk 0:18:26]} 17. Nxe7+ {[%clk 0:18:54]} Qxe7
{[%clk 0:18:25]} 18. hxg3 {[%clk 0:18:57]} Nf6 {[%clk 0:17:31]} 19. Qc5
{[%clk 0:18:44]} Qd8 {[%clk 0:16:37]} 20. Bb1 {[%clk 0:18:07]} Be6
{[%clk 0:16:27]} 21. e4 {[%clk 0:17:52]} Nd7 {[%clk 0:15:41]} 22. Qc2
{[%clk 0:17:42]} Nf8 {[%clk 0:15:28]} 23. Red1 {[%clk 0:16:31]} Rc8
{[%clk 0:14:34]} 24. Qc3 {[%clk 0:16:31]} Qe7 {[%clk 0:14:01]} 25. Ne5
{[%clk 0:16:11]} f6 {[%clk 0:13:16]} 26. Nd3 {[%clk 0:15:54]} Qf7
{[%clk 0:13:18]} 27. Nc5 {[%clk 0:15:48]} Kh8 {[%clk 0:12:56]} 28. b4
{[%clk 0:15:42]} Rcd8 {[%clk 0:12:29]} 29. Rd2 {[%clk 0:13:26]} Bc8
{[%clk 0:11:28]} 30. d5 {[%clk 0:11:39]} cxd5 {[%clk 0:08:58]} 31. exd5
{[%clk 0:11:43]} Re5 {[%clk 0:07:53]} 32. Ba2 {[%clk 0:11:35]} Rde8
{[%clk 0:07:25]} 33. Nd3 {[%clk 0:10:37]} Re4 {[%clk 0:06:19]} 34. f3
{[%clk 0:06:36]} Re3 {[%clk 0:06:01]} 35. Qd4 {[%clk 0:04:57]} Bf5
{[%clk 0:04:55]} 36. Nf4 {[%clk 0:04:44]} Rxa3 {[%clk 0:03:48]} 37. g4
{[%clk 0:04:46]} Bc8 {[%clk 0:03:21]} 38. Qb2 {[%clk 0:03:50]} Rae3
{[%clk 0:03:16]} 39. d6 {[%clk 0:03:54]} Re1+ {[%clk 0:02:03]} 40. Kf2
{[%clk 0:03:49]} 1-0

[Event "SenorDM i hurtigskak"]
[Site "?"]
[Date "2014.08.28"]
[Round "2.2"]
[White "Davidsen, Jon Lykke"]
[Black "Rosenberg, Jan"]
[Result "1/2-1/2"]
[LiveChessVersion "1.4.2"]
[BlackElo "1799"]
[WhiteElo "1709"]

1. Nf3 {[%clk 0:20:07]} Nf6 {[%clk 0:20:03]} 2. d4 {[%clk 0:20:09]} g6
{[%clk 0:20:03]} 3. Bg5 {[%clk 0:20:04]} Bg7 {[%clk 0:20:05]} 4. Nbd2
{[%clk 0:20:02]} d5 {[%clk 0:19:32]} 5. e3 {[%clk 0:19:58]} O-O {[%clk 0:19:23]}
6. Bd3 {[%clk 0:19:47]} Nbd7 {[%clk 0:18:17]} 7. O-O {[%clk 0:19:37]} c5
{[%clk 0:17:44]} 8. c3 {[%clk 0:19:34]} Qc7 {[%clk 0:17:34]} 9. Rc1
{[%clk 0:19:09]} a6 {[%clk 0:16:38]} 10. b4 {[%clk 0:18:45]} c4 {[%clk 0:16:26]}
11. Bb1 {[%clk 0:18:43]} e5 {[%clk 0:15:19]} 12. dxe5 {[%clk 0:17:23]} Nxe5
{[%clk 0:15:23]} 13. Nxe5 {[%clk 0:17:05]} Qxe5 {[%clk 0:15:23]} 14. Nf3
{[%clk 0:16:06]} Qe6 {[%clk 0:14:04]} 15. Re1 {[%clk 0:15:24]} Ne4
{[%clk 0:13:21]} 16. Bf4 {[%clk 0:15:03]} Nxc3 {[%clk 0:12:41]} 17. Qc2
{[%clk 0:14:26]} Nxb1 {[%clk 0:12:39]} 18. Qxb1 {[%clk 0:14:17]} Qf5
{[%clk 0:12:14]} 19. Red1 {[%clk 0:13:55]} Qxb1 {[%clk 0:11:52]} 20. Rxb1
{[%clk 0:13:58]} Be6 {[%clk 0:11:33]} 21. Be5 {[%clk 0:13:30]} Rac8
{[%clk 0:11:12]} 22. Bxg7 {[%clk 0:13:14]} Kxg7 {[%clk 0:11:16]} 23. Nd4
{[%clk 0:13:09]} c3 {[%clk 0:10:28]} 24. Rdc1 {[%clk 0:12:45]} Rc4
{[%clk 0:10:13]} 25. a3 {[%clk 0:12:03]} Rfc8 {[%clk 0:09:56]} 26. Kf1
{[%clk 0:11:53]} Kf6 {[%clk 0:09:27]} 27. Ke2 {[%clk 0:11:39]} b5
{[%clk 0:08:27]} 28. Kd3 {[%clk 0:11:28]} c2 {[%clk 0:08:18]} 29. Rb3
{[%clk 0:10:40]} Bd7 {[%clk 0:06:51]} 30. Kd2 {[%clk 0:10:33]} h6
{[%clk 0:05:47]} 31. Rxc2 {[%clk 0:09:54]} Rxc2+ 32. Nxc2 Ke5 33. Rc3 f5 34. Nd4
1/2-1/2

[Event "SenorDM i hurtigskak"]
[Site "?"]
[Date "2014.08.28"]
[Round "2.3"]
[White "Sørensen, Bent"]
[Black "Moestrup, Jørn"]
[Result "1-0"]
[LiveChessVersion "1.4.2"]
[BlackElo "2091"]
[WhiteElo "2237"]

1. Nf3 {[%clk 0:20:07]} Nf6 {[%clk 0:20:05]} 2. g3 {[%clk 0:20:10]} d5
{[%clk 0:19:46]} 3. Bg2 {[%clk 0:20:14]} c5 {[%clk 0:19:22]} 4. O-O
{[%clk 0:20:13]} Nc6 {[%clk 0:19:21]} 5. d4 {[%clk 0:20:14]} e6 {[%clk 0:19:09]}
6. c4 {[%clk 0:20:16]} Be7 {[%clk 0:18:43]} 7. dxc5 {[%clk 0:18:36]} Bxc5
{[%clk 0:18:44]} 8. Bg5 {[%clk 0:17:49]} Be7 {[%clk 0:18:21]} 9. Nc3
{[%clk 0:15:27]} dxc4 {[%clk 0:16:55]} 10. Qa4 {[%clk 0:15:05]} O-O
{[%clk 0:15:48]} 11. Rfd1 {[%clk 0:14:44]} Qa5 {[%clk 0:15:45]} 12. Qxc4
{[%clk 0:14:26]} h6 {[%clk 0:15:14]} 13. Bd2 {[%clk 0:13:35]} Qb4
{[%clk 0:14:33]} 14. Qxb4 {[%clk 0:13:11]} Nxb4 {[%clk 0:14:30]} 15. Nb5
{[%clk 0:12:11]} Nbd5 {[%clk 0:14:09]} 16. Ne5 {[%clk 0:11:43]} a6
{[%clk 0:13:30]} 17. Nd4 {[%clk 0:11:43]} Nd7 {[%clk 0:12:24]} 18. Nd3
{[%clk 0:11:14]} Bf6 {[%clk 0:11:10]} 19. e3 {[%clk 0:10:45]} Rd8
{[%clk 0:10:55]} 20. Rac1 {[%clk 0:10:37]} Bxd4 {[%clk 0:09:24]} 21. exd4
{[%clk 0:10:40]} N7f6 {[%clk 0:09:21]} 22. Ba5 {[%clk 0:10:23]} b6
{[%clk 0:09:03]} 23. Be1 {[%clk 0:10:03]} Bd7 {[%clk 0:09:02]} 24. Ne5
{[%clk 0:09:54]} Be8 {[%clk 0:08:36]} 25. Rc2 {[%clk 0:08:56]} Ba4
{[%clk 0:08:12]} 26. b3 {[%clk 0:08:58]} Be8 {[%clk 0:08:16]} 27. Rdc1
{[%clk 0:09:00]} Kf8 {[%clk 0:07:52]} 28. Bf1 {[%clk 0:09:03]} Nb4
{[%clk 0:06:09]} 29. Bxb4+ {[%clk 0:09:02]} 1-0

[Event "SenorDM i hurtigskak"]
[Site "?"]
[Date "2014.08.28"]
[Round "2.4"]
[White "Hansen, Jens Chr."]
[Black "Grabow, Poulsteen Holm"]
[Result "0-1"]
[LiveChessVersion "1.4.2"]
[BlackElo "2154"]
[WhiteElo "2027"]

1. e4 {[%clk 0:20:07]} e6 {[%clk 0:20:09]} 2. d4 {[%clk 0:20:08]} d5
{[%clk 0:20:13]} 3. Nc3 {[%clk 0:20:10]} Nf6 {[%clk 0:20:16]} 4. Bg5
{[%clk 0:20:10]} Be7 {[%clk 0:20:19]} 5. e5 {[%clk 0:19:52]} Nfd7
{[%clk 0:20:20]} 6. Be3 {[%clk 0:19:45]} a6 {[%clk 0:20:13]} 7. Qg4
{[%clk 0:18:53]} g6 {[%clk 0:19:46]} 8. f4 {[%clk 0:17:00]} c5 {[%clk 0:19:46]}
9. Nf3 {[%clk 0:16:58]} Nc6 {[%clk 0:19:44]} 10. a3 {[%clk 0:16:28]} b5
{[%clk 0:19:33]} 11. dxc5 {[%clk 0:15:53]} Bxc5 {[%clk 0:18:03]} 12. Bxc5
{[%clk 0:15:44]} Nxc5 {[%clk 0:18:05]} 13. b4 {[%clk 0:15:20]} Ne4
{[%clk 0:17:28]} 14. Nxe4 {[%clk 0:13:05]} dxe4 {[%clk 0:17:30]} 15. Rd1
{[%clk 0:13:05]} Qb6 {[%clk 0:17:15]} 16. Nd2 {[%clk 0:12:11]} Qe3+
{[%clk 0:16:46]} 17. Qe2 {[%clk 0:10:29]} Qxf4 {[%clk 0:16:45]} 18. Nxe4
{[%clk 0:10:09]} Qxe5 {[%clk 0:15:57]} 19. c3 {[%clk 0:08:25]} O-O
{[%clk 0:15:42]} 20. Qf3 {[%clk 0:07:33]} f5 {[%clk 0:15:39]} 21. Qg3
{[%clk 0:06:34]} fxe4 {[%clk 0:14:39]} 0-1

[Event "SenorDM i hurtigskak"]
[Site "?"]
[Date "2014.08.28"]
[Round "3.1"]
[White "Nielsen, Jens Ove Fries"]
[Black "Pedersen, Lars Wilton"]
[Result "1-0"]
[LiveChessVersion "1.4.2"]
[BlackElo "2065"]
[WhiteElo "2418"]

1. d4 {[%clk 0:20:00]} d5 {[%clk 0:19:56]} 2. Bf4 {[%clk 0:19:57]} Bf5
{[%clk 0:19:25]} 3. Nc3 {[%clk 0:19:34]} e6 {[%clk 0:18:48]} 4. Nb5
{[%clk 0:19:00]} Na6 {[%clk 0:18:02]} 5. e3 {[%clk 0:18:57]} c6 {[%clk 0:17:52]}
6. Nc3 {[%clk 0:19:00]} Nb4 {[%clk 0:16:14]} 7. Bd3 {[%clk 0:19:00]} Bxd3
{[%clk 0:15:28]} 8. cxd3 {[%clk 0:19:02]} Bd6 {[%clk 0:15:06]} 9. Nge2
{[%clk 0:18:52]} Ne7 {[%clk 0:14:59]} 10. O-O {[%clk 0:18:32]} Ng6
{[%clk 0:14:56]} 11. Bxd6 {[%clk 0:18:17]} Qxd6 {[%clk 0:15:00]} 12. a3
{[%clk 0:17:30]} Na6 {[%clk 0:15:01]} 13. e4 {[%clk 0:17:14]} O-O
{[%clk 0:14:27]} 14. e5 {[%clk 0:16:57]} Qe7 {[%clk 0:13:52]} 15. f4
{[%clk 0:16:52]} f5 {[%clk 0:13:18]} 16. h3 {[%clk 0:16:24]} Nc7 {[%clk 0:12:18]}
17. Qb3 {[%clk 0:16:05]} b6 {[%clk 0:12:01]} 18. Rac1 {[%clk 0:16:08]} c5
{[%clk 0:10:58]} 19. dxc5 {[%clk 0:15:12]} bxc5 {[%clk 0:11:00]} 20. Na4
{[%clk 0:14:13]} Rab8 21. Qc2 Na6 {[%clk 0:10:30]} 22. Nxc5 {[%clk 0:13:53]} Nxc5
{[%clk 0:10:31]} 23. Qxc5 {[%clk 0:13:54]} Rxb2 {[%clk 0:05:20]} 24. Qxe7
{[%clk 0:13:35]} Nxe7 {[%clk 0:10:13]} 25. Nd4 {[%clk 0:13:35]} Kf7
{[%clk 0:09:45]} 26. Rc7 {[%clk 0:13:30]} Rc8 {[%clk 0:08:53]} 27. Rfc1
{[%clk 0:13:14]} Rbb8 {[%clk 0:08:00]} 28. R1c6 {[%clk 0:13:14]} Rxc7
{[%clk 0:07:40]} 29. Rxc7 {[%clk 0:13:18]} Rc8 {[%clk 0:05:04]} 30. Rxa7 Ke8 1-0

[Event "SenorDM i hurtigskak"]
[Site "?"]
[Date "2014.08.28"]
[Round "3.2"]
[White "Jakobsen, Niels Nybo"]
[Black "Friis, Carsten Bank"]
[Result "1-0"]
[LiveChessVersion "1.4.2"]
[BlackElo "2224"]
[WhiteElo "2071"]

1. Nf3 d5 2. g3 Bg4 3. Bg2 Nf6 4. O-O Nbd7 5. h3 Bh5 6. d3 e6 7. Nbd2 Bd6 8. c4
c6 9. b3 Qc7 10. Bb2 h6 11. Rc1 O-O-O 12. cxd5 exd5 13. Nd4 a6 14. Nf5 Bg6 15.
Nxd6+ Qxd6 16. Bd4 Kb8 17. Be3 Nh5 18. Qc2 d4 19. Nc4 Qf6 20. Bd2 Rhe8 21. Ba5
Rc8 22. Qb2 Bf5 23. Qa3 Re6 24. Rc2 Rce8 25. Qb4 g5 26. Nb6 Nxb6 27. Bxb6 g4 28.
Bxd4 Qe7 29. Qb6 c5 30. Qxc5 Qxc5 31. Rxc5 gxh3 32. Rxf5 hxg2 33. Kxg2 Rxe2 34.
Rxh5 Rxa2 35. Rxh6 Rd2 36. Bb6 Rxd3 37. b4 Rb3 38. Rh4 Kc8 39. Rc1+ Kd7 40. Rc7+
Kd6 41. Rd4+ Ke5 42. f4+ Kf6 43. Rxb7 Re2+ 44. Kh3 Re6 45. Rdd7 Kg6 46. Rxf7 Rxb6
47. f5+ Kg5 48. Rxb6 1-0

[Event "SenorDM i hurtigskak"]
[Site "?"]
[Date "2014.08.28"]
[Round "3.3"]
[White "Sloth, Jørn"]
[Black "Sørensen, Bent"]
[Result "1/2-1/2"]
[LiveChessVersion "1.4.2"]
[BlackElo "2237"]
[WhiteElo "2306"]

1. Nf3 {[%clk 0:19:48]} d5 {[%clk 0:20:03]} 2. e3 {[%clk 0:19:26]} c5
{[%clk 0:19:46]} 3. Bb5+ {[%clk 0:18:54]} Bd7 {[%clk 0:19:21]} 4. a4
{[%clk 0:18:25]} Nf6 {[%clk 0:18:51]} 5. b3 {[%clk 0:17:55]} e6 {[%clk 0:18:22]}
6. Bb2 {[%clk 0:17:28]} Bd6 {[%clk 0:18:22]} 7. Ne5 {[%clk 0:16:53]} O-O
{[%clk 0:17:55]} 8. O-O {[%clk 0:16:43]} Qc7 {[%clk 0:16:31]} 9. f4
{[%clk 0:16:12]} Nc6 {[%clk 0:15:12]} 10. Nxd7 {[%clk 0:15:11]} Nxd7
{[%clk 0:15:05]} 11. Qf3 {[%clk 0:13:36]} a6 {[%clk 0:13:19]} 12. Bxc6
{[%clk 0:12:26]} Qxc6 {[%clk 0:13:07]} 13. c4 {[%clk 0:11:24]} Rfc8
{[%clk 0:10:35]} 14. Nc3 {[%clk 0:09:43]} Nf6 {[%clk 0:09:31]} 15. d3
{[%clk 0:08:19]} Qb6 {[%clk 0:08:06]} 16. Ra3 {[%clk 0:05:03]} dxc4
{[%clk 0:08:03]} 17. dxc4 {[%clk 0:05:00]} Be7 {[%clk 0:07:47]} 18. a5
{[%clk 0:04:40]} Qc7 {[%clk 0:07:42]} 19. Rd1 {[%clk 0:04:04]} Rd8 1/2-1/2